<?xml version="1.0" encoding="UTF-8"?>
<record
    xmlns:xsi="http://www.w3.org/2001/XMLSchema-instance"
    xsi:schemaLocation="http://www.loc.gov/MARC21/slim http://www.loc.gov/standards/marcxml/schema/MARC21slim.xsd"
    xmlns="http://www.loc.gov/MARC21/slim">

  <leader>01765naa a22002291i 4500</leader>
  <controlfield tag="001">964</controlfield>
  <controlfield tag="003">KOSZ 005</controlfield>
  <controlfield tag="005">20180104121119.0</controlfield>
  <controlfield tag="008">140611s2007    pl     f     |000 0 pol d</controlfield>
  <datafield tag="040" ind1=" " ind2=" ">
    <subfield code="c">BPK</subfield>
    <subfield code="d">KOSZ 005/ac</subfield>
    <subfield code="d">KOSZ 005/EG</subfield>
  </datafield>
  <datafield tag="080" ind1=" " ind2=" ">
    <subfield code="a">37.018.43</subfield>
  </datafield>
  <datafield tag="100" ind1="1" ind2=" ">
    <subfield code="a">KR&#xD3;LIKOWSKI, Tomasz.</subfield>
    <subfield code="d">1997 - .</subfield>
    <subfield code="b">Politechnika Koszali&#x144;ska - Wydzia&#x142; Mechaniczny,</subfield>
    <subfield code="c">Katedra Mechaniki Precyzyjnej</subfield>
  </datafield>
  <datafield tag="245" ind1="1" ind2="0">
    <subfield code="a">Praktyka podnoszenia kompetencji kadry nauczycielskiej z zakresu e-learningu /</subfield>
    <subfield code="c">Tomasz Kr&#xF3;likowski, Walery Sus&#x142;ow, B&#x142;a&#x17C;ej Ba&#x142;asz.</subfield>
  </datafield>
  <datafield tag="500" ind1=" " ind2=" ">
    <subfield code="a">Dane z autopsji.</subfield>
  </datafield>
  <datafield tag="520" ind1=" " ind2=" ">
    <subfield code="a">Ministerstwo Edukacji Narodowej rozpisa&#x142;o konkurs na zorganizowanie studi&#xF3;w podyplomowych z zakresu przygotowania nauczycieli do wykorzystywania metod e-learning'owych w kszta&#x142;ceniu ustawicznym m&#x142;odzie&#x17C;y i doros&#x142;ych. Politechnika Koszali&#x144;ska jako jedna z czterech uczelni wy&#x17C;szych w Polsce otrzyma&#x142;a grant dydaktyczny, w ramach kt&#xF3;rego mia&#x142;a przeszkoli&#x107; nauczycieli, pracuj&#x105;cych w plac&#xF3;wkach o&#x15B;wiatowych w czterech wojew&#xF3;dztwach. Autorzy artyku&#x142;u uczestniczyli w przygotowaniach, jak i przeprowadzaniu szkole&#x144; i dziel&#x105; si&#x119; swoimi spostrze&#x17C;eniami i do&#x15B;wiadczeniami zwi&#x105;zanymi z wykonaniem zada&#x144; grantu.</subfield>
  </datafield>
  <datafield tag="650" ind1=" " ind2="0">
    <subfield code="a">Nauczanie na odleg&#x142;o&#x15B;&#x107;.</subfield>
  </datafield>
  <datafield tag="650" ind1=" " ind2="0">
    <subfield code="a">Nauczyciele.</subfield>
  </datafield>
  <datafield tag="700" ind1="1" ind2=" ">
    <subfield code="a">BA&#x141;ASZ, B&#x142;a&#x17C;ej.</subfield>
    <subfield code="d">1996 - .</subfield>
    <subfield code="b">Politechnika Koszali&#x144;ska - Wydzia&#x142; Mechaniczny,</subfield>
    <subfield code="c">Katedra Mechaniki Precyzyjnej</subfield>
  </datafield>
  <datafield tag="700" ind1="1" ind2=" ">
    <subfield code="a">SUS&#x141;OW, Walery.</subfield>
    <subfield code="d">2000 - .</subfield>
    <subfield code="b">Politechnika Koszali&#x144;ska - Wydzia&#x142; Elektroniki i Informatyki,</subfield>
    <subfield code="c">Katedra Podstaw Elektroniki</subfield>
  </datafield>
  <datafield tag="773" ind1="0" ind2=" ">
    <subfield code="i">W :</subfield>
    <subfield code="t">Teoretyczno-metodyczne podstawy rozwoju e-learningu w edukacji ustawicznej. -</subfield>
    <subfield code="d">Radom : Wydaw. Instytutu Technologii Eksploatacji - PIB, 2007. -</subfield>
    <subfield code="g">s. 261-268</subfield>
  </datafield>
  <datafield tag="942" ind1=" " ind2=" ">
    <subfield code="c">ROZ</subfield>
    <subfield code="2">UKD</subfield>
  </datafield>
  <datafield tag="999" ind1=" " ind2=" ">
    <subfield code="c">964</subfield>
    <subfield code="d">964</subfield>
  </datafield>
  <datafield tag="952" ind1=" " ind2=" ">
    <subfield code="0">0</subfield>
    <subfield code="1">0</subfield>
    <subfield code="4">0</subfield>
    <subfield code="7">0</subfield>
    <subfield code="a">BPK</subfield>
    <subfield code="b">BPK</subfield>
    <subfield code="o">85472</subfield>
    <subfield code="y">ROZ</subfield>
  </datafield>
</record>
